000
00264nam a2200109Ia 4500
008
240625s9999 xx 000 0 und d
041
_a
eng
082
_a
658.5 CHA
100
_a
CHASE RICHARD B
245
_a
OPERATIONS MANAGEMENT FOR COMPETITIVE AD
260
_c
2008
999
_c
34392
_d
34392